| 000 | 00539nam a2200145Ia 4500 | ||
|---|---|---|---|
| 008 | 100122s9999 xx 000 0 und d | ||
| 082 |
_b21128 _a823 |
||
| 100 | _aअष्टीकर मंदाकिनी | ||
| 245 | _aक्षण एक पुरे प्रेमाचा | ||
| 260 |
_bश्री विशाखा प्रकाशन _c1974 |
||
| 300 | _a116 | ||
| 630 | _aक्षण एक पुरे प्रेमाचा | ||
| 730 | _aक्षण एक पुरे प्रेमाचा | ||
| 942 | _cBOOK | ||
| 999 |
_c409330 _d409327 |
||